000 01288nam a2200277 a 4500
001 BRCA_2463
005 20190320203824.0
008 191108s1831----sp-a---###---#000-0#spa-u
041 _aspa
044 _asp
084 _a103
_b.E89
_c1831
100 1 _aCervantes Saavedra, Miguel de
_d1547-1616
_9213
245 1 0 _aEl Ingenioso Hidalgo Don Quijote de la Mancha
_ccompuesto por Miguel de Cervantes Saavedra.
260 _aMadrid
_bD. J. Espinosa
_c1831
300 _a4 v.
_bil.
_c12 cm.
500 _aContenido : v 1. Primera parte. Retrato de Cervantes. Advertencia del editor. Dedicatoria del autor. Prólogo del autor. Versos preliminares. Texto. -- v 2. Texto. -- v 3. Segunda parte. Dedicatoria del autor. Prólogo del autor. Texto. -- v 4. Texto
500 _aEjemplar igual al LO-102. Los volúmenes I y II carecen de portada y algunas hojas iniciales. El tomo II está falto, además, del índice Lúdovik Osterc
500 _aQM84
650 1 4 _aNovela española
_yÉpoca clásica, 1500-1700
_9215
650 1 4 _aLiteratura española
_yÉpoca clásica, 1500-1700
_9216
650 1 4 _aNovela española
_ySiglo XVII
_9217
650 1 4 _aDon Quijote (Personaje ficticio)
_eNovela
_9218
740 0 _aEl Ingenioso Hidalgo Don Quijote de la Mancha
902 _aQFM
942 _2lcc
_cB
999 _c2204
_d2204